Statistics for Top 12 Milwaukee Bucks of All-Time

Click here to take the quiz!

General Stats

  • This quiz has been taken 184 times
    (143 since last reset)
  • The average score is 6 of 12

Answer Stats

#PlayerWin Shares% Correct
1Kareem Abdul-Jabbar114.7
100%
2Giannis Antetokounmpo100.7
99%
8Khris Middleton52.8
86%
7Ray Allen54.1
67%
3Sidney Moncrief88.5
60%
4Marques Johnson71.1
44%
6Michael Redd55.1
43%
11Terry Cummings42.7
26%
5Bob Dandridge62.6
24%
9Paul Pressey45.5
13%
12Junior Bridgeman41.1
12%
10Jon McGlocklin43.3
11%

Score Distribution

Percentile by Number Answered

Percent of People with Each Score

Your Score History

You have not taken this quiz since the last reset